Top 20 Poorest Countries (Per Capita) - Statistics

General Stats
  • This quiz has been taken 24 times
  • The average score is 15 of 20
Answer Stats
Country Money Per Capita Continent % Correct
Somalia 310$ Africa
96%
Burundi 270$ Africa
87%
Chad 660$ Africa
87%
Sudan 650$ Africa
87%
Burkina Faso 790$ Africa
83%
Eritrea 510$ Africa
83%
Mali 830$ Africa
83%
Mozambique 460$ Africa
83%
Uganda 800$ Africa
83%
Ethiopia 890$ Africa
78%
Madagascar 480$ Africa
78%
Rwanda 780$ Africa
78%
Sierra Leone 490$ Africa
78%
Malawi 580$ Africa
74%
Togo 920$ Africa
74%
Democratic Republic of the Congo 510$ Africa
65%
Yemen 940$ Asia
65%
Gambia 750$ Africa
61%
Afghanistan 500$ Asia
57%
Guinea-Bissau 760$ Africa
26%
No matching quizzes found
Score Distribution
Percent of People with Each Score
Percentile by Number Answered
Your Score History
You have not taken this quiz